| 000 | 01169nam a22003497a 4500 | ||
|---|---|---|---|
| 003 | CHAP | ||
| 005 | 20220817041407.0 | ||
| 008 | 971013s1984 r 00010 d | ||
| 010 | _a13157 | ||
| 011 | _a14129 | ||
| 035 | _a18202 | ||
| 040 | _cCHAP | ||
| 082 |
_a541.0421 _bB2 |
||
| 100 | 0 | 0 |
_aBazán, Julio César. _911041 |
| 245 | _aQuímica de sólidos. | ||
| 260 |
_aWashington : _bOrganización de los Estados Americanos, _c1984 |
||
| 300 |
_a108 p. _b: ilus. ; gráfs. |
||
| 490 |
_aSerie de química. Monografía _v; 28 |
||
| 590 |
_aBATCH-UPD _b10 _c20130110 _lUCH01 _h0059 |
||
| 590 |
_aBATCH-UPD _b10 _c20130110 _lUCH01 _h1455 |
||
| 590 |
_aBATCH-UPD _b10 _c20130409 _lUCH01 _h2048 |
||
| 590 |
_aBATCH-UPD _b10 _c20130410 _lUCH01 _h0920 |
||
| 590 |
_aBATCH-UPD _b10 _c20130914 _lUCH01 _h0549 |
||
| 590 |
_aCONVERSION _b10 _c20130109 _lUCH01 _h1309 |
||
| 650 | 1 | 4 |
_aQuímica. _993552 |
| 650 | 1 | 4 |
_aSólidos. _9108599 |
| 830 | 0 |
_aSerie de química : monografía _v; 28 |
|
| 901 | _aBK | ||
| 942 | _cLIBRO | ||
| 949 |
_a541.0421 B2 _bBC _cLIBRO _d33724000388989 _eLIBRO _h62579 _i18202 _si |
||
| 949 |
_a541.0421 B2 _bBC _cLIBRO _d33724000388997 _eLIBRO _fc.2 _h81686 _i18202 _si |
||
| 999 |
_c13157 _d13157 |
||